01634nam a2200193 a 4500003000500000005001700005008004100022020001800063050002500081100001900106245010500125260003600230300004400266500005300310520102100363650001601384650001901400700002101419PILC20160205101603.0120910s19uu xx 00 eng d a9780857021274 aBF 636.6 b.F37 2012 aFaris, Ariana. aIntegrative counselling & psychotherapy :ba relational approach /cAriana Faris and Els van Ooijen. aLos Angeles, CA :bSAGE,c2012. ax, 176 pages :billustrations ;c26 cm. aIncludes bibliographical references and indexes. aIn an accessible and user friendly manner, this book offers a relational and social constructionist framework for the integration of the three most popular counseling and psychotherapy modalities: humanistic, psychodynamic and cognitive-behavioral including mindfulness and compassion based approaches. It is a guide to the history of integration in the field of psychotherapy and counseling, the nature of psychotherapeutic integration, different models of integration, what it means to work relationally, working with the Relational-Integrative Model (RIM) for a range of professional issues, including ethics, research, supervision, therapist self-care and personal development. The authors show how their coherent, flexible theoretical model can be used in brief and long-term therapy for a wide range of client issues. Brimming with vivid case examples, mind-maps and therapeutic dialogue, this invaluable book will help develop the theoretical knowledge and skills base of students, trainers and practitioners. aCounseling. aPsychotherapy. aOoijen, Els van.